• 首页
  • 本馆介绍
  • 公告通知
  • 最新文献
  • 馆藏检索
  • 电子资源
  • 读者导购
  • 参考咨询
  • 我的图书馆
  • 登录
  • 详细信息显示
  • 放入我的书架
  • 预约/预借图书
  • 作者相关作品
  • 分类相关作品
  • 丛书相关作品
  • 出版社相关作品

书目信息

  • 表格格式
  • 工作单格式
  • 卡片格式
题名:
围城内外
    
 
作者: 解玺璋 编
分册:  
出版信息: 北京   世界知识出版社  1991.8
页数: 236页
开本: 19cm
丛书名:
单 册:
中图分类: I207.352
科图分类:
主题词: 电视文学剧本--文学研究--中国
电子资源:
ISBN: 7-5012-0403-9
000 00653nam0 2200205 45
001 0312221749
005 20050330112302.7
010    @a7-5012-0403-9@dCNY3.40
100    @a20031222d1991 km y0chiy0120 ea
101    @achi
105    @a z 000yy
200 1  @a围城内外@AWei Cheng Nei Wai@e从小说到电视剧@ECong Xiao Shuo Dao Dian Shi Ju@f解玺璋编@FJie Xi Zhang Bian
210    @a北京@c世界知识出版社@d1991.8
215    @a236页@d19cm
517    @a从小说到电视剧@ACong Xiao Shuo Dao Dian Shi Ju
606 0  @a电视文学剧本@x文学研究@y中国
690    @aI207.352@v3
701 0  @a解玺璋@4编
801    @aCN@bTSTCL@c20031222
905    @dI207.352@e56@b242026@f1
    
    围城内外:从小说到电视剧/解玺璋编.-北京:世界知识出版社,1991.8
    236页;19cm
    
    
    ISBN 7-5012-0403-9:CNY3.40
    
●
相关链接 在E读中查询图书 在五车中查询图书 在当当中查询图书 在豆瓣中查询图书


正题名:围城内外     索取号:I207.352/56         预约/预借

序号 登录号 条形码 馆藏地/架位号 状态 备注
1 0242026   001984767   第二借阅区/ [索取号:I207.352/56] 在馆    
2 0242027   001743885   密集书库/ [索取号:I207.352/56] 在馆    
3 0242028   001744036   密集书库/ [索取号:I207.352/56] 在馆    
4 0242029   000541195   第二借阅区/ [索取号:I207.352/56] 在馆    
5 0242030   001743929   密集书库/ [索取号:I207.352/56] 在馆    
6 0242031   000541131   第二借阅区/ [索取号:I207.352/56] 在馆    
7 0242032   000541168   第二借阅区/ [索取号:I207.352/56] 在馆    
8 0242033   001743956   密集书库/ [索取号:I207.352/56] 在馆    
9 0242034   001743992   密集书库/ [索取号:I207.352/56] 在馆    
10 0242035   000541202   第一样本阅览室/ [索取号:I207.352/56] 在馆    
唐山师范学院图书馆 欢迎您!
大连网信软件有限公司© 版权所有